En recuerdo de José Martí ; (Record no. 10344)

MARC details
000 -LEADER
campo de control de longitud fija 00744nam a2200193 i 4500
001 - NÚMERO DE CONTROL
campo de control 10344
003 - IDENTIFICADOR DE NÚMERO DE CONTROL
campo de control ES-MaACL
005 - FECHA Y HORA DE LA ÚLTIMA TRANSACCIÓN
campo de control 20231226160019.0
007 - CAMPO FIJO DE DESCRIPCIÓN FÍSICA--INFORMACIÓN GENERAL
campo de control de longitud fija t|
008 - DATOS DE LONGITUD FIJA--INFORMACIÓN GENERAL
campo de control de longitud fija 950511s1995 sp |||| | spa d
100 1# - ENTRADA PRINCIPAL--NOMBRE DE PERSONA
Nombre de persona Hernández Prieto, María Isabel.
9 (RLIN) 63028
245 10 - MENCIÓN DEL TÍTULO
Título En recuerdo de José Martí ;
Resto del título Las rosas : al centenario de la muerte del escritor cubano José Martí /
Mención de responsabilidad, etc. María Isabel Hernández Prieto.
260 ## - PUBLICACIÓN, DISTRIBUCIÓN, ETC.
Lugar de publicación, distribución, etc. Las Palmas de Gran Canaria :
Nombre del editor, distribuidor, etc. Diario de las Palmas,
Fecha de publicación, distribución, etc. 1995.
300 ## - DESCRIPCIÓN FÍSICA
Extensión 2 h. ;
Dimensiones 33 cm.
594 ## - Nota al título y mención de responsabilidad
Nota al título y mención de responsabilidad Recortes de prensa de 2 textos publ. en: Diario de las Palmas, 25 de marzo y 13 de abril de 1995.
600 14 - PUNTO DE ACCESO ADICIONAL DE MATERIA--NOMBRE DE PERSONA
Nombre de persona Martí, José,
Fechas asociadas al nombre 1853-1895
9 (RLIN) 77189
852 ## - LOCALIZACIÓN
Ubicación ES-MaACL
Número de control de estantería 2136-F-20
Holdings
Estatus retirado Estado de pérdida Estado de daño No para préstamo Colección Biblioteca de origen Biblioteca actual Ubicación en estantería Fecha de adquisición Fuente de adquisición Total de préstamos Signatura topográfica completa Código de barras Visto por última vez Precio de reemplazo Tipo de ítem Koha
        Colección de folletos Biblioteca del Ateneo de Madrid Biblioteca del Ateneo de Madrid Depósito folletos 17/01/2008     2136-F-20 1010554 23/02/2023 23/02/2023 Folleto